Prolegomena to the Metaphysics of Islam (Record no. 347616)

000 -LEADER
fixed length control field 00374 a2200157 4500
020 ## - INTERNATIONAL STANDARD BOOK NUMBER
International Standard Book Number 9695190308
082 ## - DEWEY DECIMAL CLASSIFICATION NUMBER
Classification number 297.09
090 ## - LOCALLY ASSIGNED LC-TYPE CALL NUMBER (OCLC); LOCAL CALL NUMBER (RLIN)
-- 5197
-- 5197
100 ## - MAIN ENTRY--PERSONAL NAME
Personal name Al-Attas
245 ## - TITLE STATEMENT
Title Prolegomena to the Metaphysics of Islam
Statement of responsibility, etc. Al-Attas
250 ## - EDITION STATEMENT
Edition statement 1st
260 ## - PUBLICATION, DISTRIBUTION, ETC.
Place of publication, distribution, etc. Lahore
Name of publisher, distributor, etc. Suhail Academy
Date of publication, distribution, etc. 2001
300 ## - PHYSICAL DESCRIPTION
Extent 358p
500 ## - GENERAL NOTE
General note Hard cover
942 ## - ADDED ENTRY ELEMENTS (KOHA)
Institution code [OBSOLETE] NBS
Koha item type Book
Call number prefix 297.09 ATT
Holdings
Withdrawn status Lost status Damaged status Not for loan Permanent Location Current Location Date acquired Total Checkouts Total Renewals Full call number Barcode Date last seen Date last checked out Price effective from Koha item type
        Central Library (CL) Central Library (CL) 08/28/2013 1 3 297.09 ATT NBSD-1307 09/16/2024 05/18/2021 08/28/2013 Book
© 2023 Central Library, National University of Sciences and Technology. All Rights Reserved.